000 01127caa a22002417a 4500
999 _c408901
_d408901
001 135423
003 UA-OsUOA
005 20200213101809.0
007 ta
008 20190122b un ||||| |||| 00| 0 ukr d
040 _aUA-OsUOA
_bukr
_cUA-OsUOA
_dUA-OsUOA
041 _aukr
080 _a908
090 _a908
_bП51
100 _aПолковський В.
245 _aДослідження українсько-канадських культурних зв’язків Національного університету "Острозька академія"
_cВ. Полковський
300 _aС. 375–379
650 7 _a908 Краєзнавство
_2UDC
773 0 _0364663
_9388183
_dЗамость 2010
_o134504
_tЗамойська академія та Острозька академія в історично-культурній перспективі. Сучасні імплікації для транскордонної співпраці
_w(UA-OsUOA) 78349
_z978-83-61893-24-0
942 _cBKA
_2udc
955 _a1